|
|
|
|
| LEADER |
00000nab a2200000Ia 4500 |
| 001 |
vtls010774831 |
| 003 |
SK-MaSNL |
| 005 |
20260304003058.0 |
| 008 |
230131s1969 xo |||||||||||||||||slo| |
| 035 |
|
|
|a (urnnbn)urn:nbn:sk:snk:ar-a02t2j
|
| 035 |
|
|
|a (uuid)f3db30ff-7d1c-4f64-83e6-1f88371f7dce
|
| 035 |
|
|
|a urn:nbn:sk:snk-ab4o8w
|
| 040 |
|
|
|a SNKBUCL
|b slo
|c SNKBUCL
|e AACR2
|
| 041 |
0 |
|
|a slo
|
| 044 |
|
|
|a xo
|c SK
|
| 080 |
|
|
|a 069.51
|2 2001
|
| 080 |
|
|
|a 7.07
|2 2001
|
| 100 |
1 |
|
|a Orság, Jozef
|4 aut
|9 398936
|
| 245 |
1 |
0 |
|a Výstava z Kragujevca v Trenčianskom múzeu
|c Jozef Orság
|
| 610 |
2 |
7 |
|a Národné múzeum (Kragujevac, Srbsko)
|2 SNK
|9 1281214
|
| 610 |
2 |
7 |
|a Trenčianske múzeum v Trenčíne
|2 SNKKA
|9 251520
|
| 650 |
0 |
7 |
|a múzejné expozície
|2 SNKPH
|9 81737
|
| 650 |
0 |
7 |
|a umelecká tvorba
|2 SNKPH
|9 2852
|
| 651 |
|
7 |
|a Kragujevac (Srbsko)
|2 SNKPH
|9 105139
|
| 651 |
|
7 |
|a Trenčín (Slovensko)
|2 SNKPH
|9 159956
|
| 773 |
0 |
|
|t Múzeum : študijný a informačný materiál
|g Roč. 14, č. 4 (1969), s. 219
|
| 954 |
|
|
|a odborná, vedecká literatúra pôvodná (slovenská)
|2 lita
|
| 958 |
|
|
|a OND
|
| 958 |
|
|
|a EUIPO
|
| 958 |
|
|
|a article3
|
| 999 |
|
|
|c 2545273
|d 2547203
|